000 01201nam a22002537a 4500
999 _c22076
_d22076
003 AR-CdUCM
008 190425b ||||| |||| 00| 0 spa d
040 _aMUNICIPALIDAD PROVINCIAL DEL CUSCO
_cBIBLIOTECA MUNICIPAL DEL CUSCO
082 _aSitua/N°2/2004
245 _aSitua :
_bRevista semestral de la Facultad de Medicina Humana /
_cFacultad de Medicina Humana, Universidad Nacional de San Antonio Abad del Cusco
260 _aCusco :
_b[UNSAAC],
_c2004.
300 _a60 páginas. :
_c31 cm.
440 _aSitua revista semestral de la Facultad de Medicina Humana.
_nVol 13, N° 2, julio-diciembre 2004.
_947361
505 _aContenido: Los derechos en Salud proceso y debate. Eduardo Zarate Cárdenas. -- Colesterol total y sus fracciones en adultos de 30 a 39 años según genero y sub grupos de edad Cusco. José Cáceres Pilares. ...
650 _aMedicina humana
_947329
650 _aSalud pública
_96404
650 _aHospitales
_947330
650 _aCentros de Salud
_932510
700 _aZarate Cárdenas, Eduardo
_947362
710 _aFacultad de Medicina Humana
_947335
710 _aUniversidad Nacional de San Antonio Abad del Cusco
_915942
942 _2ddc
_cPP
945 _avhl